[Event "World School-ch U17"]
[Site "Rhodes"]
[Date "2023.04.19"]
[Round "6"]
[White "Jackson, Edward"]
[Black "Tarhan, Adar"]
[Result "0-1"]
[WhiteElo "1941"]
[BlackElo "2314"]
[PlyCount "82"]
[EventDate "2023.04.14"]
[EventType "swiss"]
[EventRounds "9"]
[EventCountry "GRE"]
[SourceTitle "EXT 2024"]
[Source "ChessBase"]
[SourceDate "2023.10.10"]
[SourceVersion "1"]
[SourceVersionDate "2023.10.10"]
[SourceQuality "1"]

1. e4 e5 2. Nf3 Nc6 3. Bb5 a6 4. Ba4 Nf6 5. 0-0 Be7 6. Re1 b5 7. Bb3 d6 8. c3 0-0 9. h3 Na5 10. Bc2 c5 11. d4 Qc7 12. d5 Ne8 13. Nbd2 g6 14. Nf1 Ng7 15. Ng3 Nc4 16. a4 Nb6 17. axb5 axb5 18. Rxa8 Nxa8 19. Nh2 Nb6 20. f4 Bh4 21. Qf3 f5 22. Rf1 fxe4 23. Nxe4 exf4 24. Bxf4 Nxd5 25. Bxd6 Rxf3 26. Bxc7 Rxf1+ 27. Nxf1 Nxc7 28. Nxc5 Be7 29. Ne4 Nf5 30. Bd3 Nd6 31. Nxd6 Bxd6 32. b4 Be6 33. Nd2 Be5 34. Nb1 Ba2 35. Na3 Bxc3 36. Nxb5 Nxb5 37. Bxb5 Bxb4 38. h4 Be1 39. h5 g5 40. Bd7 Bg3 41. Bb5 Kg7 0-1

[Event "Newcastle Northumbria Masters"]
[Site "Newcastle on Tyne"]
[Date "2022.08.30"]
[Round "9"]
[White "Villiers, Thomas"]
[Black "Jackson, Edward"]
[Result "0-1"]
[WhiteElo "2170"]
[BlackElo "1787"]
[PlyCount "92"]
[EventDate "2022.08.26"]
[EventType "swiss"]
[EventRounds "9"]
[EventCountry "ENG"]
[SourceTitle "CBM 210 Extra"]
[Source "ChessBase"]
[SourceDate "2022.11.30"]
[SourceVersion "1"]
[SourceVersionDate "2022.11.30"]
[SourceQuality "1"]

1. e4 c6 2. Nf3 d5 3. d3 dxe4 4. Ng5 Nf6 5. Nxe4 g6 6. Nxf6+ exf6 7. Be2 Bg7 8. Nc3 0-0 9. h4 h5 10. Be3 f5 11. Bxh5 gxh5 12. Qxh5 Qf6 13. Qf3 Nd7 14. h5 Kh7 15. Ne2 Re8 16. Kf1 Ne5 17. Qg3 Ng4 18. h6 Bh8 19. c3 Qe5 20. Qxe5 Bxe5 21. Bf4 Bf6 22. Ng3 Bd7 23. Rh5 Be5 24. Bxe5 Rxe5 25. d4 Re7 26. Nxf5 Bxf5 27. Rxf5 Rae8 28. g3 Nxh6 29. Rf4 Re2 30. b3 Rc2 31. Re1 Rxe1+ 32. Kxe1 Rxa2 33. Re4 a5 34. Re7 b5 35. Rb7 a4 36. d5 cxd5 37. Rxb5 a3 38. Ra5 Ng4 39. b4 Nxf2 40. Rxd5 Rb2 41. Ra5 a2 42. b5 Nd3+ 43. Kd1 Nc5 44. Kc1 Rb1+ 45. Kc2 a1Q 46. Rxa1 Rxa1 0-1

[Event "UK Challenge Terafinal U18"]
[Site "Blenheim"]
[Date "2021.10.10"]
[Round "8"]
[White "Han, Yichen"]
[Black "Jackson, Edward"]
[Result "1/2-1/2"]
[WhiteElo "2014"]
[BlackElo "1379"]
[PlyCount "55"]
[EventDate "2021.10.09"]
[EventType "tourn (rapid)"]
[EventRounds "11"]
[EventCountry "ENG"]
[SourceTitle "EXT 2023"]
[Source "ChessBase"]
[SourceDate "2022.10.05"]
[SourceVersion "1"]
[SourceVersionDate "2022.10.05"]
[SourceQuality "1"]

1. d4 Nf6 2. Bf4 d5 3. e3 c5 4. c3 Nc6 5. Nd2 e6 6. Ngf3 Bd6 7. Bg3 0-0 8. Bd3 b6 9. Qe2 Bb7 10. Rd1 cxd4 11. exd4 Rc8 12. Ne5 Qc7 13. f4 Ne7 14. 0-0 Nf5 15. Bf2 Be7 16. g4 Nd6 17. Bg3 Nfe4 18. Nef3 f5 19. g5 Rfe8 20. Ne5 Nf7 21. Ndf3 Nxe5 22. Nxe5 Bd6 23. Bb5 Re7 24. Nd3 Bc6 25. Ba6 Bb7 26. Bb5 Bc6 27. Ba6 Bb7 28. Bb5 1/2-1/2

[Event "UK Challenge Terafinal U18"]
[Site "Blenheim"]
[Date "2021.10.09"]
[Round "3"]
[White "Jackson, Edward"]
[Black "Stoyanov, Viktor"]
[Result "1-0"]
[WhiteElo "1379"]
[BlackElo "2050"]
[PlyCount "123"]
[EventDate "2021.10.09"]
[EventType "tourn (rapid)"]
[EventRounds "11"]
[EventCountry "ENG"]
[SourceTitle "EXT 2023"]
[Source "ChessBase"]
[SourceDate "2022.10.05"]
[SourceVersion "1"]
[SourceVersionDate "2022.10.05"]
[SourceQuality "1"]

1. e4 c6 2. d4 d5 3. Nc3 dxe4 4. Nxe4 Nf6 5. Nxf6+ exf6 6. c3 Bd6 7. Bd3 0-0 8. Qc2 Re8+ 9. Ne2 h5 10. Be3 Nd7 11. 0-0-0 Nf8 12. Kb1 b5 13. Ng3 Be6 14. Nxh5 Qa5 15. b3 b4 16. Nf4 bxc3 17. Rc1 Bb4 18. Ne2 Rab8 19. Nxc3 Red8 20. Ne4 Ba3 21. Rcd1 Qa4 22. Nd2 Bd5 23. Bc4 Ne6 24. h4 Rb4 25. Ka1 Qa5 26. Bxd5 cxd5 27. Nb1 Rb7 28. Nxa3 Qxa3 29. Rd3 Rc7 30. Qb2 Qa6 31. Rdd1 Rdc8 32. Rc1 Qd3 33. Rcd1 Qe4 34. h5 Rc2 35. Qa3 f5 36. g3 Nc7 37. Qa4 a6 38. h6 Nb5 39. Qxa6 gxh6 40. Qxb5 Ra8 41. a4 Qe7 42. Bc1 Rac8 43. Bb2 Re2 44. Rc1 Re8 45. Qxd5 Rxf2 46. Rhe1 Qxe1 47. Rxe1 Rxe1+ 48. Ka2 Ree2 49. Ka3 Rxb2 50. a5 Ra2+ 51. Kb4 Rf1 52. Kb5 Rfa1 53. b4 Ra3 54. Qd6 Kg7 55. d5 Rd1 56. a6 Rad3 57. Kc6 Rc3+ 58. Kd7 Rcd3 59. Qe5+ f6 60. Qe7+ Kg6 61. d6 Ra3 62. b5 1-0